Manual de procedimiento laboral: análisis de la ley N§ 20.087
Gespeichert in:
| 1. Verfasser: | |
|---|---|
| Format: | Buch |
| Sprache: | Spanisch |
| Veröffentlicht: |
Santiago
Jurídica de Chile
2006
|
| Ausgabe: | 1a. ed |
| Schriftenreihe: | Colección Manuales Jurídicos, 115
|
| Schlagworte: | |
| Tags: |
Tag hinzufügen
Keine Tags, Fügen Sie den ersten Tag hinzu!
|
MARC
| LEADER | 00000nam a2200000 a 4500 | ||
|---|---|---|---|
| 001 | UCJ2093 | ||
| 003 | CL-VaPUC | ||
| 008 | 061124e20060000CL |||||||||||||||||spa|d | ||
| 020 | |a 9561017121 | ||
| 082 | 0 | 4 | |a 344.8304 |b SIL |2 21 |
| 100 | 0 | |a Silva Montes, Rodrigo |e author |9 503046 | |
| 245 | 1 | 0 | |a Manual de procedimiento laboral: análisis de la ley N§ 20.087 |
| 250 | |a 1a. ed | ||
| 300 | |a 123 p | ||
| 942 | |c BK | ||
| 945 | |d 20061124 00:00:00 |a jtorresc | ||
| 260 | |a Santiago |b Jurídica de Chile |c 2006 | ||
| 650 | 7 | |a DERECHO LABORAL |2 CL-VaPUC |9 15 | |
| 650 | 0 | |a Procedimiento laboral |9 256714 | |
| 650 | 0 | |a Trabajo y empleo |9 315054 | |
| 651 | 7 | |a CHILE |2 CL-VaPUC |9 503047 | |
| 583 | |a last modification |c 20061124 00:00:00 |k Rodrigo Vera | ||
| 490 | 0 | |a Colección Manuales Jurídicos, 115 | |
| 999 | |c 318507 |d 318505 | ||
| 952 | |0 0 |1 0 |4 0 |6 344_830400000000000_SIL_2006 |7 0 |8 A |9 396327 |a BIBDER |b BIBDER |d 2019-11-22 |i 4301609 |o 344.8304 SIL 2006 |p 4301609 |r 2023-01-25 |w 2019-11-22 |y BK |k DER | ||
| 952 | |0 0 |1 0 |4 0 |6 344_830400000000000_SIL_2006 |7 0 |8 A |9 396328 |a BIBDER |b BIBDER |d 2019-11-22 |i 4301617 |o 344.8304 SIL 2006 |p 4301617 |r 2023-01-25 |w 2019-11-22 |y BK |k DER | ||
| 952 | |0 0 |1 0 |4 0 |6 344_830400000000000_SIL_2006 |7 0 |8 A |9 396329 |a BIBDER |b BIBDER |d 2019-11-22 |i 4301625 |o 344.8304 SIL 2006 |p 4301625 |r 2023-01-25 |w 2019-11-22 |y BK |k DER | ||